[Event "Scarborough CC Falling Leaves U1800"]
[Site "Toronto"]
[Date "2011.11.10"]
[Round "2"]
[White "Vojnov, Miomir"]
[Black "Zhong, Joey"]
[Result "0-1"]
[WhiteElo "1566"]
[BlackElo "1366"]
[PlyCount "48"]
[EventDate "2011.11.03"]
[EventType "swiss"]
[EventRounds "7"]
[EventCountry "CAN"]
[SourceTitle "EXT 2022"]
[Source "ChessBase"]
[SourceDate "2021.10.06"]
[SourceVersion "1"]
[SourceVersionDate "2021.10.06"]
[SourceQuality "1"]

1. e4 e6 2. Nf3 d5 3. e5 c5 4. d4 Nc6 5. b3 cxd4 6. Bb5 Qa5+ 7. c3 Qxb5 8. Nxd4 Nxd4 9. cxd4 Bb4+ 10. Bd2 Bxd2+ 11. Qxd2 Ne7 12. Nc3 Qd7 13. 0-0 0-0 14. Ne2 b6 15. Ng3 Ba6 16. Rfd1 Ng6 17. a4 Rac8 18. b4 Bc4 19. b5 Qe7 20. Ra3 Qxa3 21. Nh5 Bb3 22. Nf6+ gxf6 23. exf6 Kh8 24. Qh6 Rg8 0-1

[Event "Scarborough CC Falling Leaves U1800"]
[Site "Toronto"]
[Date "2011.11.03"]
[Round "1"]
[White "Veecock, Carl"]
[Black "Vojnov, Miomir"]
[Result "1-0"]
[WhiteElo "1329"]
[BlackElo "1566"]
[PlyCount "77"]
[EventDate "2011.11.03"]
[EventType "swiss"]
[EventRounds "7"]
[EventCountry "CAN"]
[SourceTitle "EXT 2022"]
[Source "ChessBase"]
[SourceDate "2021.10.06"]
[SourceVersion "1"]
[SourceVersionDate "2021.10.06"]
[SourceQuality "1"]

1. Nf3 d5 2. g3 Nf6 3. Bg2 Nc6 4. 0-0 e5 5. d3 Bf5 6. c3 h6 7. b4 a6 8. Nbd2 b5 9. a3 Bd6 10. Bb2 0-0 11. Re1 Qd7 12. e4 dxe4 13. Nxe4 Nxe4 14. dxe4 Bh3 15. Bc1 Bxg2 16. Kxg2 f5 17. exf5 Rxf5 18. Nxe5 Nxe5 19. Qd5+ Kh7 20. Qxa8 c6 21. Be3 Qf7 22. Rad1 Be7 23. f4 Nc4 24. Qxc6 Nxa3 25. Qe4 g6 26. Bc5 Bxc5 27. bxc5 Nc4 28. Qe7 Kg7 29. c6 Nb6 30. c7 Nc8 31. Qxf7+ Rxf7 32. Re8 Rxc7 33. Rdd8 Nb6 34. Rg8+ Kf6 35. Rd6+ Kf7 36. Rgxg6 Na4 37. Rxa6 Nxc3 38. Rxh6 Kg7 39. Rac6 1-0